[Event "Fuerstenfeld U18 op 6th"]
[Site "Fuerstenfeld"]
[Date "2023.07.22"]
[Round "5"]
[White "Berghold, Fabian Elija"]
[Black "Schreyer, Oliver"]
[Result "0-1"]
[WhiteElo "945"]
[BlackElo "2106"]
[PlyCount "62"]
[EventDate "2023.07.20"]
[EventType "swiss"]
[EventRounds "7"]
[EventCountry "AUT"]
[SourceTitle "CBM 215 Extra"]
[Source "ChessBase"]
[SourceDate "2023.09.30"]
[SourceVersion "1"]
[SourceVersionDate "2023.09.30"]
[SourceQuality "1"]

1. d4 Nf6 2. c4 g6 3. Nf3 Bg7 4. Bg5 d6 5. Nc3 Bg4 6. e4 0-0 7. Be2 c5 8. d5 Qa5 9. Qd2 Nbd7 10. h3 Bxf3 11. Bxf3 a6 12. 0-0 b5 13. Be2 b4 14. Nd1 Nxe4 15. Qe3 Nxg5 16. Qxg5 b3 17. a3 e6 18. Qe7 Qd2 19. Qxd7 Qxe2 20. Qxd6 Bxb2 21. Nxb2 Qxb2 22. Rfb1 Qc2 23. Qe5 Rab8 24. Rb2 Qxc4 25. dxe6 fxe6 26. Qe3 Rfd8 27. Qe5 Qd5 28. Qc3 e5 29. Rab1 c4 30. Rc1 Rbc8 31. Re1 Qd4 0-1

[Event "Fuerstenfeld U18 op 6th"]
[Site "Fuerstenfeld"]
[Date "2023.07.20"]
[Round "1"]
[White "Librecz, Lenard"]
[Black "Schreyer, Oliver"]
[Result "1-0"]
[WhiteElo "1365"]
[BlackElo "2106"]
[PlyCount "121"]
[EventDate "2023.07.20"]
[EventType "swiss"]
[EventRounds "7"]
[EventCountry "AUT"]
[SourceTitle "CBM 215 Extra"]
[Source "ChessBase"]
[SourceDate "2023.09.30"]
[SourceVersion "1"]
[SourceVersionDate "2023.09.30"]
[SourceQuality "1"]

1. e4 e6 2. d4 d5 3. exd5 exd5 4. Bd3 Bd6 5. h3 Ne7 6. Nf3 0-0 7. 0-0 Nbc6 8. c3 Bf5 9. Qc2 Qd7 10. Nh4 Bxh3 11. Bxh7+ Kh8 12. Qd3 Qg4 13. Qxh3 Qxh3 14. gxh3 Kxh7 15. Be3 Rh8 16. Kg2 Kg8 17. Nf3 Nf5 18. Nbd2 Nxe3+ 19. fxe3 Re8 20. Rae1 Ne7 21. Rh1 Nf5 22. e4 dxe4 23. Nxe4 Bf4 24. Nf6+ gxf6 25. Rxe8+ Kg7 26. Rxh8 Kxh8 27. Re1 Be3 28. Nh2 Bd2 29. Re2 Bc1 30. Ng4 Kg7 31. Kf3 Kg6 32. Nf2 b5 33. Nd3 Bh6 34. Nf4+ Kg7 35. Re8 Nh4+ 36. Kg4 f5+ 37. Kg3 Ng6 38. Nxg6 Kxg6 39. Ra8 Bc1 40. Rxa7 Kg5 41. Kf3 Bxb2 42. Rxc7 f6 43. d5 Ba3 44. Rb7 f4 45. Rxb5 Kf5 46. Ra5 Bd6 47. c4 Ke5 48. c5 Bf8 49. d6 Kd5 50. Ra8 Bxd6 51. cxd6 Kxd6 52. Rg8 f5 53. h4 Ke7 54. a4 Kf7 55. Rb8 Kg6 56. a5 Kh5 57. Rg8 Kh6 58. a6 Kh7 59. Rg1 Kh8 60. a7 Kh7 61. a8R 1-0

[Event "Mittelrhein Regionalliga 1920"]
[Site "Mittelrhein"]
[Date "2020.02.16"]
[Round "6.4"]
[White "Krings, Thomas"]
[Black "Schreyer, Oliver"]
[Result "1/2-1/2"]
[WhiteElo "2044"]
[BlackElo "2016"]
[PlyCount "113"]
[EventDate "2019.09.29"]
[EventType "team-tourn"]
[EventRounds "9"]
[EventCountry "GER"]
[SourceTitle "EXT 2023"]
[Source "ChessBase"]
[SourceDate "2022.10.05"]
[SourceVersion "1"]
[SourceVersionDate "2022.10.05"]
[SourceQuality "1"]
[WhiteTeam "Horrem"]
[BlackTeam "Herzogenrath"]
[WhiteTeamCountry "GER"]
[BlackTeamCountry "GER"]

1. Nf3 d5 2. g3 e6 3. Bg2 Bd6 4. 0-0 b6 5. d3 Bb7 6. Nbd2 Ne7 7. e4 c5 8. Re1 Nd7 9. c3 0-0 10. e5 Bc7 11. d4 f6 12. exf6 Rxf6 13. Bh3 Nf8 14. Ne5 Bxe5 15. dxe5 Rf7 16. f4 d4 17. Ne4 Bxe4 18. Rxe4 dxc3 19. Qxd8 Rxd8 20. bxc3 Rd1+ 21. Kf2 g5 22. Bg4 Rd3 23. c4 gxf4 24. Bxf4 Rd2+ 25. Kg1 Rc2 26. a4 Nc6 27. Rf1 Nd4 28. Bh6 Rxf1+ 29. Kxf1 Rxh2 30. Be3 Rc2 31. Bh6 Rh2 32. Be3 Nc6 33. Be2 Rh1+ 34. Kg2 Ra1 35. Bh6 Ng6 36. Bh5 Ra2+ 37. Kh3 Ncxe5 38. Bxg6 Nxg6 39. Rxe6 Rxa4 40. Rd6 Rxc4 41. Rd7 Re4 42. Rg7+ Kh8 43. Rxa7 Ne7 44. Ra8+ Ng8 45. Rb8 Re6 46. Bf4 Kg7 47. Bc7 Rc6 48. Bxb6 Nf6 49. Ba5 Kg6 50. Bc3 c4 51. Rb7 Nd5 52. Bd4 c3 53. Rg7+ Kh6 54. Kh4 Rg6 55. Rd7 c2 56. Rxd5 Rc6 57. Be3+ 1/2-1/2

[Event "Mittelrhein Verbandsliga-W 17/18"]
[Site "Nordrheinwestfalen"]
[Date "2017.12.03"]
[Round "5.2"]
[White "Stoimenov, Kalojan"]
[Black "Schreyer, Oliver"]
[Result "0-1"]
[WhiteElo "1886"]
[BlackElo "2077"]
[PlyCount "64"]
[EventDate "2017.09.10"]
[EventType "team-tourn"]
[EventRounds "11"]
[EventCountry "GER"]
[SourceTitle "EXT 2022"]
[Source "ChessBase"]
[SourceDate "2021.10.06"]
[SourceVersion "1"]
[SourceVersionDate "2021.10.06"]
[SourceQuality "1"]
[WhiteTeam "Aachen SV III"]
[BlackTeam "Herzogenrath"]
[WhiteTeamCountry "GER"]
[BlackTeamCountry "GER"]

1. e4 d5 2. exd5 Qxd5 3. Nc3 Qa5 4. d4 Nf6 5. Nf3 Bf5 6. Ne5 c6 7. Bc4 e6 8. 0-0 Bd6 9. Re1 0-0 10. Bb3 Qc7 11. f4 Rd8 12. Be3 Nbd7 13. Qf3 Bb4 14. Bf2 a5 15. a4 Nxe5 16. fxe5 Ng4 17. Rad1 Nxf2 18. Qxf2 c5 19. Kh1 Bxc3 20. bxc3 c4 21. Ba2 Qc6 22. d5 Rxd5 23. Rxd5 Qxd5 24. Qd4 Qxd4 25. cxd4 Bxc2 26. Bxc4 Bxa4 27. Rb1 Bc6 28. Kg1 b5 29. d5 exd5 30. Bxb5 Rb8 31. Bd3 Rxb1+ 32. Bxb1 a4 0-1

[Event "Mittelrhein Verbandsliga-W 16/17"]
[Site "Nordrheinwestfalen"]
[Date "2017.02.19"]
[Round "8.2"]
[White "Voulon, Oliver"]
[Black "Schreyer, Oliver"]
[Result "0-1"]
[WhiteElo "2042"]
[BlackElo "2080"]
[PlyCount "84"]
[EventDate "2016.09.11"]
[EventType "team-tourn"]
[EventRounds "11"]
[EventCountry "GER"]
[SourceTitle "EXT 2022"]
[Source "ChessBase"]
[SourceDate "2021.10.06"]
[SourceVersion "1"]
[SourceVersionDate "2021.10.06"]
[SourceQuality "1"]
[WhiteTeam "Lendersdorf"]
[BlackTeam "Herzogenrath"]
[WhiteTeamCountry "GER"]
[BlackTeamCountry "GER"]

1. d4 e6 2. c4 f5 3. Nf3 Bb4+ 4. Nc3 Nf6 5. g3 b6 6. Bg2 Bb7 7. 0-0 Bxc3 8. bxc3 0-0 9. Qb3 Be4 10. a4 Nc6 11. Ba3 Na5 12. Qa2 d6 13. Bb4 Nc6 14. Rfd1 Qe8 15. a5 Qh5 16. Qb3 f4 17. c5 Bd5 18. c4 Nxb4 19. Qxb4 bxc5 20. dxc5 Rab8 21. Qa4 Bxf3 22. Bxf3 Qxc5 23. gxf4 Rb4 24. Qc6 Qxc6 25. Bxc6 Rxc4 26. Rdc1 Rxf4 27. Rab1 Rg4+ 28. Kf1 Rg5 29. a6 Ng4 30. f3 Ra5 31. Bd7 Ne3+ 32. Kf2 Re5 33. Rxc7 Nd5 34. Rxa7 Nc3 35. Re1 Ne4+ 36. Kf1 Nd2+ 37. Kg2 Nxf3 38. Rd1 Rxe2+ 39. Kg3 h5 40. Rxd6 h4+ 41. Kh3 Rxh2+ 42. Kg4 Rg2+ 0-1

[Event "Mittelrhein Verbandsliga-W 16/17"]
[Site "Nordrheinwestfalen"]
[Date "2016.10.02"]
[Round "2.2"]
[White "Schreyer, Oliver"]
[Black "Hannaske, Arno"]
[Result "1-0"]
[WhiteElo "2080"]
[BlackElo "2003"]
[PlyCount "95"]
[EventDate "2016.09.11"]
[EventType "team-tourn"]
[EventRounds "11"]
[EventCountry "GER"]
[SourceTitle "EXT 2022"]
[Source "ChessBase"]
[SourceDate "2021.10.06"]
[SourceVersion "1"]
[SourceVersionDate "2021.10.06"]
[SourceQuality "1"]
[WhiteTeam "Herzogenrath"]
[BlackTeam "Horrem"]
[WhiteTeamCountry "GER"]
[BlackTeamCountry "GER"]

1. e4 d6 2. d4 Nf6 3. Nc3 Nbd7 4. f3 c6 5. Be3 e5 6. Qd2 Be7 7. 0-0-0 b5 8. d5 cxd5 9. Nxd5 Nxd5 10. Qxd5 Rb8 11. Bxa7 Rb7 12. Be3 0-0 13. Kb1 Qa5 14. Ne2 Nc5 15. Nc1 Be6 16. Qd2 b4 17. b3 Ra8 18. Bxc5 dxc5 19. Bc4 Bxc4 20. bxc4 Rba7 21. Qe3 Qa6 22. Qd3 Qb6 23. h4 Ra3 24. Qd7 Bf8 25. Rd3 Qa6 26. Rxa3 bxa3 27. Qd3 Rb8+ 28. Nb3 Rb4 29. Rd1 g6 30. c3 Rxc4 31. Kc2 Qe6 32. Qd5 Qa6 33. Qxe5 Qb6 34. Qd5 Ra4 35. Qd8 Ra6 36. Qxb6 Rxb6 37. Rb1 h5 38. Nd2 Ra6 39. Nc4 Be7 40. Rb8+ Kg7 41. Kb3 Bxh4 42. Nxa3 Rd6 43. Nc4 Rd1 44. a4 Rb1+ 45. Nb2 Bg5 46. a5 Ra1 47. Ra8 Bc1 48. Nc4 1-0

[Event "Mittelrhein Verbandsliga-W 15/16"]
[Site "Nordrheinwestfalen"]
[Date "2016.01.10"]
[Round "6.2"]
[White "Hannaske, Arno"]
[Black "Schreyer, Oliver"]
[Result "1-0"]
[WhiteElo "2008"]
[BlackElo "2082"]
[PlyCount "68"]
[EventDate "2015.09.06"]
[EventType "team-tourn"]
[EventRounds "11"]
[EventCountry "GER"]
[SourceTitle "EXT 2022"]
[Source "ChessBase"]
[SourceDate "2021.10.06"]
[SourceVersion "1"]
[SourceVersionDate "2021.10.06"]
[SourceQuality "1"]
[WhiteTeam "Horrem"]
[BlackTeam "Herzogenrath"]
[WhiteTeamCountry "GER"]
[BlackTeamCountry "GER"]

1. Nf3 d5 2. c4 e6 3. b3 Nf6 4. Bb2 Bd6 5. g3 b6 6. Bg2 Bb7 7. 0-0 Nbd7 8. d4 Ne4 9. Nbd2 f5 10. cxd5 exd5 11. Ne5 Nxe5 12. dxe5 Bc5 13. Nxe4 fxe4 14. b4 Be7 15. Qa4+ Qd7 16. Qxd7+ Kxd7 17. Bh3+ Ke8 18. Rfc1 c6 19. a3 Rd8 20. Bd4 h5 21. f4 g6 22. e3 Rh7 23. Ra2 Bf8 24. Rf2 Rc7 25. f5 g5 26. f6 g4 27. e6 Bd6 28. Rf5 Rh7 29. Rg5 Rc8 30. Rg8+ Bf8 31. e7 Kf7 32. exf8Q+ Rxf8 33. Rg7+ Rxg7 34. fxg7 Rc8 1-0

[Event "Karl Mala Memorial op 15th"]
[Site "Frankfurt"]
[Date "2012.07.07"]
[Round "5"]
[White "Bingert, Tim Niklas"]
[Black "Schreyer, Oliver"]
[Result "1-0"]
[WhiteElo "1888"]
[BlackElo "2135"]
[PlyCount "79"]
[EventDate "2012.07.05"]
[EventType "swiss"]
[EventRounds "7"]
[EventCountry "GER"]
[SourceTitle "CBM 149 Extra"]
[Source "ChessBase"]
[SourceDate "2012.08.24"]
[SourceVersion "1"]
[SourceVersionDate "2012.08.24"]
[SourceQuality "1"]

1. e4 d5 2. exd5 Qxd5 3. Nc3 Qa5 4. Bc4 Nf6 5. Qe2 Bg4 6. Nf3 Nbd7 7. h3 Qh5 8. Rg1 Bxf3 9. Qxf3 Qxf3 10. gxf3 Ne5 11. Be2 0-0-0 12. d3 g6 13. Be3 Nc6 14. Ne4 Bg7 15. Nxf6 Bxf6 16. c3 e5 17. 0-0-0 Rhe8 18. f4 exf4 19. Bg4+ Kb8 20. Bxf4 h5 21. Bf3 Ne5 22. Be2 Nd7 23. Bf3 Nc5 24. Kc2 Ne6 25. Be3 c5 26. Rde1 Rg8 27. Rg2 Bh8 28. Reg1 Rge8 29. Re1 Ka8 30. Be4 f5 31. Bf3 Nf4 32. Rgg1 Nxd3 33. Rd1 c4 34. b3 Ne5 35. Bd5 Rc8 36. b4 Nd3 37. Rxg6 Nxf2 38. Bxf2 Re2+ 39. Rd2 Rxd2+ 40. Kxd2 1-0

[Event "Karl Mala Memorial op 15th"]
[Site "Frankfurt"]
[Date "2012.07.06"]
[Round "3"]
[White "Karpatchev, Aleksandr"]
[Black "Schreyer, Oliver"]
[Result "1-0"]
[WhiteElo "2431"]
[BlackElo "2135"]
[PlyCount "81"]
[EventDate "2012.07.05"]
[EventType "swiss"]
[EventRounds "7"]
[EventCountry "GER"]
[SourceTitle "CBM 149 Extra"]
[Source "ChessBase"]
[SourceDate "2012.08.24"]
[SourceVersion "1"]
[SourceVersionDate "2012.08.24"]
[SourceQuality "1"]

1. e4 Nf6 2. e5 Nd5 3. c4 Nb6 4. c5 Nd5 5. Bc4 e6 6. d4 b6 7. cxb6 axb6 8. Ne2 Ba6 9. Bxd5 exd5 10. Nbc3 Bb4 11. Nf4 Bxc3+ 12. bxc3 Bc4 13. Nh5 Qh4 14. Nxg7+ Kf8 15. Nf5 Qe4+ 16. Ne3 Rg8 17. Qf3 Qxf3 18. gxf3 Rxa2 19. Rxa2 Bxa2 20. Ng4 Ke7 21. Nf6 Rg7 22. h4 d6 23. Bh6 Rg6 24. h5 Rxf6 25. exf6+ Kxf6 26. Rg1 Nc6 27. Kd2 Na5 28. Ke3 Bb3 29. Kf4 c5 30. Rg8 cxd4 31. Bg7+ Ke7 32. Bxd4 Nc4 33. Rb8 Bc2 34. Bxb6 Nxb6 35. Rxb6 f6 36. Rb2 Bd3 37. Ke3 Ba6 38. Ra2 Bc8 39. Ra7+ Bd7 40. Kd4 Ke6 41. h6 1-0

[Event "Berlin Lichtenberger op 10th"]
[Site "Berlin"]
[Date "2011.08.21"]
[Round "9"]
[White "Meissner, Felix"]
[Black "Schreyer, Oliver"]
[Result "1-0"]
[WhiteElo "2268"]
[BlackElo "2130"]
[PlyCount "51"]
[EventDate "2011.08.13"]
[EventType "swiss"]
[EventRounds "9"]
[EventCountry "GER"]
[SourceTitle "CBM 143 Extra"]
[Source "ChessBase"]
[SourceDate "2011.08.29"]
[SourceVersion "1"]
[SourceVersionDate "2011.08.29"]
[SourceQuality "1"]

1. e4 d5 2. exd5 Qxd5 3. Nf3 Bg4 4. Be2 Nc6 5. Nc3 Qa5 6. 0-0 0-0-0 7. d3 Nf6 8. Ng5 Be6 9. Nxe6 fxe6 10. Bf3 Nd4 11. Bd2 g5 12. Be4 g4 13. Ne2 Qh5 14. Nxd4 Nxe4 15. Be3 Nc5 16. b4 Bg7 17. c3 e5 18. Nb5 Rxd3 19. Qe2 e4 20. bxc5 Be5 21. g3 a6 22. Nd4 Rf8 23. Rad1 Rxc3 24. Ne6 Rg8 25. Rd5 c6 26. Rxe5 1-0

[Event "Berlin Lichtenberger op 10th"]
[Site "Berlin"]
[Date "2011.08.19"]
[Round "7"]
[White "Schreyer, Oliver"]
[Black "Witte, Ronald"]
[Result "1-0"]
[WhiteElo "2130"]
[BlackElo "2063"]
[PlyCount "85"]
[EventDate "2011.08.13"]
[EventType "swiss"]
[EventRounds "9"]
[EventCountry "GER"]
[SourceTitle "CBM 143 Extra"]
[Source "ChessBase"]
[SourceDate "2011.08.29"]
[SourceVersion "1"]
[SourceVersionDate "2011.08.29"]
[SourceQuality "1"]

1. Nf3 d5 2. d4 c6 3. e3 Nf6 4. Bd3 Nbd7 5. Nbd2 e6 6. 0-0 Bd6 7. Re1 0-0 8. e4 dxe4 9. Nxe4 Nxe4 10. Rxe4 h6 11. Rg4 f5 12. Rh4 Rf6 13. Qe2 Nf8 14. Rh3 Bd7 15. Bd2 Qb6 16. Bc3 Bb4 17. Bxb4 Qxb4 18. c3 Qd6 19. Ne5 Be8 20. Bc4 c5 21. Rd1 Rd8 22. Rhd3 Qc7 23. dxc5 Rxd3 24. Nxd3 Kh7 25. Qe5 Qc8 26. Nf4 Ng6 27. Bxe6 Nxe5 28. Bxc8 Bc6 29. Nd5 Rf8 30. Ne7 Be4 31. f3 Bc2 32. Rd5 Nc6 33. Bxf5+ Bxf5 34. Rxf5 Rd8 35. Nxc6 bxc6 36. Rf7 Rd2 37. Rxa7 Rxb2 38. Ra6 Rc2 39. a4 Rxc3 40. Rxc6 Kg8 41. a5 Kf8 42. a6 Ra3 43. Rc8+ 1-0

[Event "Karl Mala Memorial op 12th"]
[Site "Frankfurt"]
[Date "2009.07.17"]
[Round "3"]
[White "Luther, Thomas"]
[Black "Schreyer, Oliver"]
[Result "1-0"]
[WhiteElo "2552"]
[BlackElo "2133"]
[PlyCount "55"]
[EventDate "2009.07.16"]
[EventType "swiss"]
[EventRounds "7"]
[EventCountry "GER"]
[SourceTitle "EXT 2010"]
[Source "ChessBase"]
[SourceDate "2010.11.25"]
[SourceVersion "1"]
[SourceVersionDate "2010.11.25"]
[SourceQuality "1"]

1. e4 c5 2. Nf3 d6 3. d4 cxd4 4. Nxd4 Nf6 5. Nc3 g6 6. Be3 Bg7 7. f3 Nc6 8. Qd2 Bd7 9. 0-0-0 Rc8 10. Kb1 Ne5 11. Bh6 Bxh6 12. Qxh6 Qa5 13. Qd2 Qb4 14. g4 h5 15. g5 Nh7 16. f4 Nc4 17. Bxc4 Rxc4 18. f5 Nf8 19. Rhf1 a5 20. a3 Qc5 21. Nd5 gxf5 22. Nb3 Qb5 23. exf5 a4 24. Qe2 e6 25. Nd2 Rc5 26. c4 Qa6 27. Ne4 Rxd5 28. Rxd5 1-0

[Event "Karl Mala Memorial op 12th"]
[Site "Frankfurt"]
[Date "2009.07.17"]
[Round "2"]
[White "Schreyer, Oliver"]
[Black "Wilke, Joerg"]
[Result "1-0"]
[WhiteElo "2133"]
[BlackElo "1910"]
[PlyCount "81"]
[EventDate "2009.07.16"]
[EventType "swiss"]
[EventRounds "7"]
[EventCountry "GER"]
[SourceTitle "EXT 2010"]
[Source "ChessBase"]
[SourceDate "2010.11.25"]
[SourceVersion "1"]
[SourceVersionDate "2010.11.25"]
[SourceQuality "1"]

1. e4 c5 2. c3 e6 3. d4 cxd4 4. cxd4 d5 5. e5 Nc6 6. Nf3 Bb4+ 7. Bd2 Qb6 8. Bxb4 Qxb4+ 9. Qd2 Nge7 10. Nc3 Bd7 11. Be2 Rc8 12. a3 Qb3 13. Bd1 Qb6 14. b4 a6 15. Na4 Qa7 16. 0-0 0-0 17. Bc2 Nb8 18. Rfc1 Bxa4 19. Bxa4 b5 20. Bc2 Nd7 21. Qg5 Ng6 22. h4 h6 23. Qe3 Ne7 24. g4 Rc4 25. Bd3 Rxc1+ 26. Rxc1 Rc8 27. h5 Nb6 28. g5 Rxc1+ 29. Qxc1 hxg5 30. Qxg5 Kf8 31. h6 gxh6 32. Qxh6+ Ke8 33. Ng5 Nd7 34. Qh8+ Nf8 35. Nh7 Qxd4 36. Qxf8+ Kd7 37. Nf6+ Kc6 38. Qe8+ Kb6 39. Qb8+ Kc6 40. Qd6+ Kb7 41. Qxe7+ 1-0

[Event "Dresden ZMD op"]
[Site "Dresden"]
[Date "2007.07.28"]
[Round "8"]
[White "Schreyer, Oliver"]
[Black "Donchenko, Anatoly G"]
[Result "0-1"]
[WhiteElo "2078"]
[BlackElo "2375"]
[PlyCount "58"]
[EventDate "2007.07.21"]
[EventType "swiss"]
[EventRounds "9"]
[EventCountry "GER"]
[SourceTitle "EXT 2008"]
[Source "ChessBase"]
[SourceDate "2007.11.25"]
[SourceVersion "1"]
[SourceVersionDate "2007.11.25"]
[SourceQuality "1"]

1. d4 d5 2. Nf3 Nf6 3. e3 e6 4. Bd3 c5 5. c3 Nbd7 6. Nbd2 Be7 7. Qe2 Qc7 8. 0-0 0-0 9. e4 dxe4 10. Nxe4 b6 11. Bg5 Bb7 12. dxc5 Nxc5 13. Nxf6+ gxf6 14. Bh6 Nxd3 15. Qxd3 Rfd8 16. Nd4 Rd5 17. Qe2 Kh8 18. Rad1 Rg8 19. g3 Qc8 20. Rfe1 Re5 21. Be3 Ba8 22. f3 Rh5 23. Qf2 e5 24. Nc2 Rf5 25. f4 Qc6 26. Kf1 exf4 27. Bxf4 Rxf4 28. gxf4 Rg2 29. Qe3 Rxc2 0-1